000 00400cam a2200157ua 4500
041 _aeng
_h
082 _a824
_bPRI/AL
100 _aPriestley, J B.
245 _aAll about ourseleves and other essays /
_cJ B Priestley.
_hTextual Documents
250 _a1 /
_b.
260 _aMelbourne :
_bWilliam Heinemann Ltd ,
_c1956.
300 _a286 ; .
504 _a
942 _cBK
999 _c8689
_d8689